PFI and the government's ADR pledge (Record no. 71847)

MARC details
000 -LEADER
fixed length control field 01118cam a2200229 4500
001 - CONTROL NUMBER
control field ABS66241
008 - FIXED-LENGTH DATA ELEMENTS--GENERAL INFORMATION
fixed length control field 021223n2002 000 0 eng u
035 ## - SYSTEM CONTROL NUMBER
System control number (Sirsi) u120876
100 ## - MAIN ENTRY--PERSONAL NAME
Personal name Williams, J
245 ## - TITLE STATEMENT
Title PFI and the government's ADR pledge
260 ## - PUBLICATION, DISTRIBUTION, ETC.
Date of publication, distribution, etc. 2002
490 ## - SERIES STATEMENT
Series statement PFI Intelligence Bulletin
Volume/sequential designation 7(7) October 2002, 22(1)
520 ## - SUMMARY, ETC.
Summary, etc. Explains the principles of alternative dispute resolution as an umbrella term for various methods of resolving a dispute other than by litigation. The main methods looked at are mediation, mini trial, judicial appraisal or early neutral evaluation, and adjudication. Urges complete understanding of the processes and pitfalls of ADR, and states that only then can effective methods be achieved.
590 ## - LOCAL NOTE (RLIN)
Local note ABS
650 ## - SUBJECT ADDED ENTRY--TOPICAL TERM
Topical term or geographic name entry element ALTERNATIVE DISPUTE RESOLUTION
650 ## - SUBJECT ADDED ENTRY--TOPICAL TERM
Topical term or geographic name entry element ALTERNATIVE DISPUTE RESOLUTION
650 ## - SUBJECT ADDED ENTRY--TOPICAL TERM
Topical term or geographic name entry element MANAGEMENT-DISPUTE AVOIDANCE, MANAGEMENT AND RESOLUTION-DISPUTE MANAGEMENT AND RESOLUTION-ALTERNATIVE DISPUTE RESOLUTION-ADJUDICATION
650 ## - SUBJECT ADDED ENTRY--TOPICAL TERM
Topical term or geographic name entry element MEDIATION
650 ## - SUBJECT ADDED ENTRY--TOPICAL TERM
Topical term or geographic name entry element MINI TRIALS
690 ## - LOCAL SUBJECT ADDED ENTRY--TOPICAL TERM (OCLC, RLIN)
Topical term or geographic name as entry element Dispute resolution
9 (RLIN) 6236
942 ## - ADDED ENTRY ELEMENTS (KOHA)
Suppress in OPAC 0
Holdings
Withdrawn status Lost status Source of classification or shelving scheme Damaged status Not for loan Home library Current library Shelving location Date acquired Total Checkouts Full call number Barcode Date last seen Copy number Price effective from Koha item type
    Dewey Decimal Classification     London London Journal article 23/12/2002   ABS66241 120876-1001 06/08/2019 1 06/08/2019 Journal article